[Event "Wch U14 Girls blitz"]
[Site "Batumi"]
[Date "2023.06.10"]
[Round "5"]
[White "Shukhman, Anna"]
[Black "Kazaryan, Karina"]
[Result "1-0"]
[WhiteElo "2235"]
[BlackElo "1290"]
[PlyCount "71"]
[EventDate "2023.06.10"]
[EventType "swiss (blitz)"]
[EventRounds "11"]
[EventCountry "GEO"]
[SourceTitle "EXT 2024"]
[Source "ChessBase"]
[SourceDate "2023.10.10"]
[SourceVersion "1"]
[SourceVersionDate "2023.10.10"]
[SourceQuality "1"]
[WhiteTeam "Russia"]
[BlackTeam "Russia"]
[WhiteTeamCountry "RUS"]
[BlackTeamCountry "RUS"]

1. e4 c5 2. Nf3 e6 3. d4 cxd4 4. Nxd4 Nf6 5. Nc3 Nc6 6. Nxc6 bxc6 7. e5 Nd5 8. Ne4 Qc7 9. f4 Qb6 10. c4 Bb4+ 11. Ke2 0-0 12. a3 Be7 13. cxd5 exd5 14. Be3 Qxb2+ 15. Nd2 f6 16. Qb1 Qc3 17. Qc1 Qa5 18. e6 Ba6+ 19. Kf2 Bxf1 20. Rxf1 Rad8 21. exd7 Rxd7 22. Nb3 Qa6 23. Nc5 Bxc5 24. Qxc5 Rfd8 25. Bd4 Qa4 26. Rfe1 a5 27. Re2 Rd6 28. Rae1 Kf7 29. Re7+ Kf8 30. Re8+ Rxe8 31. Qxd6+ Kf7 32. Qd7+ Kg6 33. Qxe8+ Kh6 34. Qe3 Qc2+ 35. Kg1 Qa4 36. f5+ 1-0